000 00311nam a22001337a 4500
008 181204b xxu||||| |||| 00| 0 eng d
020 _a9780072452693
041 _aeng
080 _a336
100 _a56
101 _aFIN
245 _aMoney, Banking, and Financial Markets
_cCecchetti,S.G
942 _2udc
_cBK
999 _c52831
_d52831